| 000 | 01095nam a22003257a 4500 | ||
|---|---|---|---|
| 003 | CHAP | ||
| 005 | 20220329133116.0 | ||
| 008 | 971013s1991 r 00010 d | ||
| 010 | _a2251 | ||
| 011 | _a3223 | ||
| 035 | _a2423 | ||
| 040 | _cCHAP | ||
| 082 |
_a333 _bM67 |
||
| 100 | 0 | 0 |
_aMorett Sánchez, Jesús Carlos. _978764 |
| 245 | _aAlternativas de modernización del ejido | ||
| 260 |
_aMéxico, D. F. : _bInstituto de Proposiciones Estratégicas, _c1991 |
||
| 300 |
_a188 p. _b: ilus. ; gráfs. |
||
| 500 | _aD45-34 | ||
| 590 |
_aBATCH-UPD _b10 _c20130110 _lUCH01 _h1648 |
||
| 590 |
_aBATCH-UPD _b10 _c20130410 _lUCH01 _h1038 |
||
| 590 |
_aBATCH-UPD _b10 _c20130914 _lUCH01 _h1253 |
||
| 590 |
_aCONVERSION _b10 _c20130109 _lUCH01 _h1302 |
||
| 650 | 1 | 4 |
_aEjidos _zMéxico. _936039 |
| 650 | 1 | 4 |
_aReforma agraria _zMéxico. _995596 |
| 901 | _aBK | ||
| 942 | _cLIBRO | ||
| 949 |
_a333 M67 _bBC _cLIBRO _d33724000316014 _eLIBRO _fc.3 _h83407 _i2423 _si |
||
| 949 |
_a333 M67 _bBC _cLIBRO _d33724000316030 _eLIBRO _fc.2 _h80983 _i2423 _si |
||
| 949 |
_a333 M67 _bBC _cLIBRO _d33724000316048 _eLIBRO _h79737 _i2423 _si |
||
| 999 |
_c2251 _d2251 |
||